Berliner Leihgabe griechischer Papyri /

محفوظ في:

المؤلف الرئيسي: Kalén, Ture, 1890-1964 (مؤلف)

مؤلفون مشاركون: Staatliche Museen zu Berlin (Germany). Manuscript. Greek. Papyri., Uppsala universitet

مؤلفون آخرون: Thunell, Karl, 1893-, Tomsin, Alfred.

التنسيق: كتاب

اللغة: German
French

منشور في: Uppsala : Almqvist & Wiksells boktryckeri-a.-b., 1932-1977.

سلاسل: Studia Graeca Upsaliensia ; 12.
Uppsala universitet. Arsskrift 1932, 1 Acta Universitatis Upsaliensis. Studia Graeca Upsaliensia ; 1.

الموضوعات:

الوسوم: إضافة وسم

لا توجد وسوم, كن أول من يضع وسما على هذه التسجيلة!

رقم الطلب: PA3308 .B52 v.1-2

LEADER 01502nam a22003377a 4500
003 OSt
005 20250929065931.0
008 250929m19321977sw h 000 0 ger d
010 |a ac 36004489 
040 |c ARCE Library 
041 0 |a ger  |a fre 
043 |a e-gx---  
050 1 4 |a PA3308  |b .B52 v.1-2 
100 1 |a Kalén, Ture,  |d 1890-1964,  |e author  |9 33514 
245 1 0 |a Berliner Leihgabe griechischer Papyri /  |c Herausgegeben vom Griechischen Seminar de Universität Uppsala, durch Ture Kalén. 
264 1 |a Uppsala :  |b Almqvist & Wiksells boktryckeri-a.-b.,  |c 1932-1977. 
300 |a volume <1-2 > :  |b facsimiles ;  |c 25 cm. 
490 1 |a Studia Graeca Upsaliensia ;   |v 12. 
490 1 |a Uppsala universitet. Arsskrift 1932, 1 Acta Universitatis Upsaliensis. Studia Graeca Upsaliensia ;   |v 1. 
505 1 |g volume 1.  |t includes the Greek text of the "Sitologen-papyri" (41 pages) originally edited by Karl Thunell as his thesis, Uppsala, 1924 --  |g volume 2.  |t continued by A. Tomsin; text in French. 
546 |a Test in Germany and French. 
650 0 |a Manuscripts, Greek (Papyri) 
700 1 |a Thunell, Karl,   |d 1893-  
700 1 |a Tomsin, Alfred.  
710 2 |a Staatliche Museen zu Berlin (Germany). Manuscript. Greek. Papyri.  
710 2 |a Uppsala universitet  
830 0 |a Studia Graeca Upsaliensia ;   |v 12. 
830 0 |a Uppsala universitet.   |p Arsskrift 1932, 1 Acta Universitatis Upsaliensis. Studia Graeca Upsaliensia ;   |v 1. 
901 |a reviewed 
942 |c BK  |2 lcc 
999 |c 22275  |d 22275